Código civil de la república argentina 1998 /
Guardado en:
| Formato: | Libro |
|---|---|
| Publicado: |
Buenos Aires :
Abeledo-perrot,
1998
|
| Edición: | 39a. ed. |
| Materias: | |
| Etiquetas: |
Agregar Etiqueta
Sin Etiquetas, Sea el primero en etiquetar este registro!
|
| LEADER | 00569nam a22001935a 4500 | ||
|---|---|---|---|
| 001 | CEM.cems009841 | ||
| 005 | 20080704092440.0 | ||
| 008 | 130507s1998##################000#0#####d | ||
| 003 | CEMS | ||
| 020 | |a 9502011260 | ||
| 082 | 0 | 4 | |a 346 |
| 245 | 0 | 0 | |a Código civil de la república argentina 1998 / |
| 250 | |a 39a. ed. | ||
| 260 | |a Buenos Aires : |b Abeledo-perrot, |c 1998 | ||
| 300 | |a 1295 p. + 1 CD-ROM | ||
| 653 | |a Argentina-códigos | ||
| 653 | |a Código civil | ||
| 653 | |a Argentina-código civil | ||
| 859 | |a CEMS |b BIB. CEMS - 11 de abril |h 346 |i Ar37-6 |p 20135.98 |t Ej.1 |v 1998 |3 1998 | ||
